000 00596nam a2200241Ia 4500
003 OSt
005 20220924141147.0
006 a|||||r|||| 00| 0
007 ta
008 220923b |||||||| |||| 00| 0 ben d
024 _a297327
037 _cTextual
040 _aARTS
_cARTS
_bben
041 _2ben
_aben
082 _aO157,3N19,5, K3
100 _aMukhopadhyay S.
_9209529
245 0 _aPurvpatra
260 _c1963
300 _a219p.
_ccm.
650 _aBENGALI LITERATURE
942 _hO157,3N19,5, K3
_cTEXL
_2CC
999 _c446390
_d446390